000 00821nam a2200253 a 4500
001 499
003 BR-CuiBMT
005 20231108151842.0
008 231108b2006 mgb 001 0 por d
020 _a8589148157
040 _aBR-CuiBMT
_cBR-CuiBMT
080 _22007
_a351.72
090 _a351.72
_bA282l
_c2. ed.
100 1 _aAguiar, Afonso Gomes
245 1 0 _aLei de responsabilidade fiscal :
_bquestões práticas : Lei Complementar nº 101/00 /
_cAfonso Gomes Aguiar.
250 _a2. ed.
260 _aBelo Horizonte :
_bFórum,
_c2006.
300 _a453 p. ;
_c21 cm
504 _aInclui bibliografia e índice.
650 _aFinanças públicas
_zBrasil
650 _aExecução orçamentária
_vLegislação
_zBrasil
650 _aAdministração pública
_xResponsabilidade fiscal
_zBrasil
942 _2udc
_cLV
999 _c499
_d499